01322nam0a22002531 4500001001100000005001700011035002600028100004100054101000800095102000700103105001800110200032100128210004700449215001600496300011400512320003500626532011600661701003800777701016600815701002800981801001801009801002201027852001901049rc\331788520260407071703.0 a(NLR Aleph) 007418213 a20130115d1971 u y0rusy50 ca0 arus aRU ay z |||||1 aИзучение в школе материалов XXIV съезда КПССeПособие для учителяfПод ред. чл.-кор. АПН СССР М.П. Кашина и А.Т. КинкулькинаgИн-т содержания и методов обучения Акад. пед. наук СССР aМоскваcПросвещениеd1971 a126 с.d21 aНа 6-й с. авт.: М.П. Кашин, А.Т. Кинкулькин, М.С. Васильева [и др.] aБиблиогр.: с. 121-12411aИзучение в школе материалов Двадцать четвертого съезда КПСС 1aКинкулькинbА.Т.4340 17ca8rusaВасильеваbМ. С.cканд. пед. наук, методики преподаванияgМария Сергеевна3RU\NLR\AUTH\770288952 1aКашинbМ.П.4340 0aRUbNLRgpsbo 1aRUbELAR2rusmarc aNLRj71-5/4450